=LDR 00000nam 2200000 4500 =001 INLIS000000000033561 =005 20150627130318.0 =006 =007 =008 ind =035 ##$$0010-061300000033561 =041 ##$$a ind =082 ##$$a 610.72 =090 ##$$a 610.72, Pra a =100 ##$$a PRATIKNYA, Ahmad Watik =245 ##$$a Dasar-dasar Metodologi Penelitian Kedokteran dan Kesehatan / Ahmad Watik Pratiknya =260 ##$$a 2008 $b Jakarta =300 ##$$a xii, 236 hlm, 20,5 cm =650 ##$$a Kesehatan - Penelitian =850 ##$$a NBPNMAT =990 ##$$a 92596/BPAP-NTB/2014 =990 ##$$a 93631/BPAP-NTB/2014 =990 ##$$a 93632/BPAP-NTB/2014 =990 ##$$a 21400613/BPAP-NTB/20142014 =990 ##$$a 0001/BPAP-NTB/20142014 =990 ##$$a 0001/BPAP-NTB/20142015 =990 ##$$a 0001/BPAP-NTB/20142015 =990 ##$$a 88558855 =990 ##$$a 92596/BPAP-NTB/2014 =990 ##$$a 93631/BPAP-NTB/2014 =990 ##$$a 93632/BPAP-NTB/2014 =990 ##$$a 21400613/BPAP-NTB/20142014 =990 ##$$a 0001/BPAP-NTB/20142014 =990 ##$$a 0001/BPAP-NTB/20142014 =990 ##$$a 0001/BPAP-NTB/20142015 =990 ##$$a 0001/BPAP-NTB/20142015 =990 ##$$a 2090100789/BPAP-NTB/2015 =990 ##$$a 01201708855